000 00726nam a2200205 4500
001 139301
003 ES-MaACL
005 20230907181745.0
007 t|
008 070214s1928 sp r ||||1| spa d
100 1 _aScott, James Brown.
_9104950
245 1 3 _aEl origen español del Derecho Internacional moderno /
_cpor James Brown Scott ; prólogo de Camilo Barcia Trelles.
260 _aValladolid :
_b[s. n.],
_c1928 (
_fTip. Cuesta)
300 _aXXV, 245 p. ;
_c25 cm.
500 _aPrecede al tít.: Universidad de Valladolid...
700 1 _aBarcia Trelles, Camilo,
_d1888-1977
_925548
710 2 _aUniversidad de Valladolid.
_97332
852 _aES-MaACL
_jB-9207
_bR.18416
999 _c139301
_d139301